Knowing God (Record no. 10967)

MARC details
000 -LEADER
fixed length control field 00606nam a2200241 a 4500
001 - CONTROL NUMBER
control field 0001-0967
003 - CONTROL NUMBER IDENTIFIER
control field ELIB.Books
008 - FIXED-LENGTH DATA ELEMENTS--GENERAL INFORMATION
fixed length control field 140916 2010 eng
020 ## - INTERNATIONAL STANDARD BOOK NUMBER
International Standard Book Number 0877847703
035 ## - SYSTEM CONTROL NUMBER
System control number (ELIB.Books)0001-1121
092 ## - LOCALLY ASSIGNED DEWEY CALL NUMBER (OCLC)
Classification number 231.042
Item number Pac
100 ## - MAIN ENTRY--PERSONAL NAME
Personal name Packer, J. I.
245 ## - TITLE STATEMENT
Title Knowing God
260 ## - PUBLICATION, DISTRIBUTION, ETC. (IMPRINT)
Place of publication, distribution, etc. Downers Grove
Name of publisher, distributor, etc. InterVarsity Press
Date of publication, distribution, etc. 1 973
300 ## - PHYSICAL DESCRIPTION
Extent 256
Dimensions 20.8 Cm
500 ## - GENERAL NOTE
General note Dr. Yahalaylayla
650 ## - SUBJECT ADDED ENTRY--TOPICAL TERM
Topical term or geographic name as entry element Ways of Knowing God
856 ## - ELECTRONIC LOCATION AND ACCESS
Name of location of host KBTS; Library
Uniform Resource Identifier <a href="KBTS; Elib.">KBTS; Elib.</a>
942 ## - ADDED ENTRY ELEMENTS (KOHA)
Source of classification or shelving scheme Dewey Decimal Classification
Koha item type Books
990 ## - EQUIVALENCES OR CROSS-REFERENCES [LOCAL, CANADA]
Link information for 9XX fields 1
998 ## - LOCAL CONTROL INFORMATION (RLIN)
Cataloger's initials, CIN (RLIN) bat
-- 2014-09-16
Holdings
Withdrawn status Lost status Source of classification or shelving scheme Damaged status Not for loan Home library Current library Date acquired Total Checkouts Barcode Date last seen Bill Date Koha item type
    Dewey Decimal Classification     Karen Baptist Theological Seminary Library Karen Baptist Theological Seminary Library 16/09/2014   15237 22/01/2022 22/01/2022 Books
Implemented & Customized by: BestBookBuddies

Powered by Koha